|
|
|
|
| LEADER |
01491nam a2200433 a 4500 |
| 001 |
000583404 |
| 003 |
CZ BrMZK |
| 005 |
20140303125845.0 |
| 007 |
ta |
| 008 |
020114s2001 xr e f cze d |
| 015 |
|
|
|a cnb000890103
|
| 020 |
|
|
|a 80-902637-7-1
|
| 035 |
|
|
|a (OCoLC)51187601
|
| 040 |
|
|
|a BOA001
|b cze
|
| 041 |
1 |
|
|a cze
|h ger
|
| 072 |
|
7 |
|a 74
|x Kresba. Umělecká řemesla
|2 Konspekt
|9 21
|
| 080 |
|
|
|a 72/76.02
|2 MRF
|
| 080 |
|
|
|a 642.78
|2 MRF
|
| 080 |
|
|
|a 745
|2 MRF
|
| 080 |
|
|
|a (035)
|2 MRF
|
| 100 |
1 |
|
|a Moras, Ingrid
|7 xx0017684
|4 aut
|
| 245 |
1 |
0 |
|a Ubrousková technika ;
|b Nápady na textil /
|c Ingrid Moras
|
| 250 |
|
|
|a České vyd.
|
| 260 |
|
|
|a Uherské Hradiště :
|b CFA+H,
|c 2001
|
| 300 |
|
|
|a 32 s. :
|b barev. il. ;
|c 21 cm
|
| 490 |
1 |
|
|a Kreativní kniha
|
| 500 |
|
|
|a Dostupné též v digitální podobě v aplikaci Kramerius
|
| 650 |
0 |
7 |
|a ubrousková technika
|7 ph139101
|2 czenas
|
| 650 |
0 |
7 |
|a dekorace stolů
|7 ph128124
|2 czenas
|
| 650 |
0 |
7 |
|a výtvarné práce
|7 ph127466
|2 czenas
|
| 655 |
|
7 |
|a příručky
|7 fd133209
|2 czenas
|
| 740 |
0 |
2 |
|a Nápady na textil
|
| 765 |
0 |
|
|t Servitten-Technik
|9 Česky
|
| 765 |
0 |
|
|t Ideen auf Textil
|9 Česky
|
| 830 |
|
0 |
|a Kreativní kniha
|0 s
|
| 856 |
4 |
1 |
|u http://www.digitalniknihovna.cz/mzk/uuid/uuid:88ff2a80-8453-11ee-834d-5ef3fc9bb22f
|y Digitalizovaný dokument
|x NDK
|
| 910 |
|
|
|a BOA001
|b 2-1095.061
|
| 990 |
|
|
|a BK
|
| 996 |
6 |
|
|b 2610150314
|c 2-1095.061
|l MZK
|r Sklad / do 1 hodiny
|n 11
|p p.v.
|w 000583404
|u 000010
|a 1
|e BOA001
|j MZK50
|s P
|